000 00351nam a22001337a 4500
020 _a978-81-318-0856-6
082 _a657
_bSID/F
100 _aS.A.SIDDIQUI, A.S.SIDDIQUI
245 _aCOMPREHENSIVE FINANCIAL STATEMENT ANALYSIS
260 _aDELHI
_bLAXMI PUBLICATIONS
300 _a224
650 _aACCOUNTANCY PART B FOR CLASS XII
_zINDIA
942 _cBK
999 _c621
_d621